000 02009nam0a2200385 4500
001 RU\NLR\bibl\1501484
005 20250616020113.0
021 _aRU
_b2010-15615
_91041
035 _a(NLR Aleph) 001492939
090 _a1773066
_c1773066
100 _a20100304d2009 |||y0rusy50 ca
101 0 _arus
102 _aRU
105 _aa |||||||||
200 1 _aРегулирование отборов газа в группе месторождений в условиях рынка
_fА. В. Калинкин, С.Е. Ершов, О.Е. Бугрий [и др.]
_gОАО "Газпром", ООО "Газпром экспо"
210 _aМосква
_cГазпром экспо
_d2009
215 _a194 с.
_cил., цв. ил., портр.
_d25
300 _aНа 191-й с. 2-й и 3-й авт.: Ершов С.Е., Бугрий О.Е. кандидаты техн. наук
320 _aБиблиогр.: с. 182-186
606 1 _aЕстественные газы
_xДобыча
_xЭкономическая эффективность
_yЯмало-Ненецкий автономный округ
_92596491
_3RU\NLR\auth\661534126
610 0 _aГорное дело -- Разработка газовых и газоконденсатных месторождений
610 0 _aрегулирование отбора природного газа при добыче
610 0 _aотбор природного газа, регулирование при колебаниях спроса
686 _aИ362,0
_2rubbk
686 _aИ362
701 1 _aКалинкин
_bА. В.
_gАлександр Вячеславович
_4070
701 1 _aЕршов
_bС. Е.
_gСергей Евгеньевич
_4070
701 1 _aБугрий
_bО. Е.
_gОксана Евстахиевна
_4070
801 0 _aRU
_bРГБ
_c20100304
_grcr
801 1 _aRU
_bРГБ
_c20100304
801 2 _aRU
_bNLR
_c20100419
_grcr
830 _aавт. по кн.
942 _cBOOK
980 _aNB